000 00212nam a22000857a 4500
008 170221b xxu||||| |||| 00| 0 eng d
100 _92934
_aKumar.A.
245 _aPolitical Science-VII
260 _aNew Delhi
_bAPC
_c2009
999 _c6175
_d6175